00802nam a2200205 a 450000100100000000500170001000800410002704000250006808200150009310000390010824500950014726000690024230000270031149000290033850000480036783000360041504900090045195201190046099900170057900001867220200929165834.0100512s1965 mx a r 000 0 spa d aDO-SdBNPbspacBNPHU axxxbG215c1 aGarcía Treviño, Rodrigo94032810aColón y los vikingos :ben el descubrimiento de América /cRodrigo García Treviño. aMéxico, D. F. :bSecretaría de Educación Pública,c1965. a69 p. :bil. ;c17 cm.1 aEl Hombre en la Historia aEn la portada: Cuadernos de lectura popular 0aEl Hombre en la Historia940329 aBNGR 001054708MOaGRbGRcCTd2010-05-12iLF1l0oxxx G215cp18672-10r2020-06-25w2020-06-25y4ZPréstamo en sala c18192d18192